000 00373 a2200109 4500
001 ART_50718
005 20260410161632.0
008 260409a
245 1 0 _aNuevamente sobre la obligación de los profesionales de Ciencias Económicas de formular denuncias penales
100 1 _aRobiglio, Carolina L.
773 0 _tEnfoques
_g- N°2 (feb. 2020)
_wREV416
999 _c12536
_d12536